HAYAT ZOR AMA BENDE KOLAY BİRİ SAYILMAM (Kayıt no. 704227)

MARC ayrıntıları
000 -LEADER
sabit uzunluktaki kontrol alanı 00266nam a2200097Ia 4500
001 - KONTROL NUMARASI
kontrol alanı 704227
005 - EN SON İŞLEMİN TARİH VE ZAMANI
kontrol alanı 20250826162406.0
008 - SABİT-UZUNLUKTA VERİ ÖĞELERİ--GENEL BİLGİ
sabit uzunluktaki kontrol alanı 250824s9999 xx 000 0 und d
245 #0 - ESER / YAZAR
ESER ADI HAYAT ZOR AMA BENDE KOLAY BİRİ SAYILMAM
Yazar Adı SEÇİL ÇÖMLEKÇİ
260 ## - YAYIN, DAĞITIM, VB.
YAYIN EVİ CARPE DİEM
Mevcut
Düşüm durumu Kayıp durumu Hasar Durumu Ödünç verilmez Ana kütüphane Geçerli Kütüphane Edinilen tarih Toplam ödünç verme sayısı Barkod Son görüntüleme tarihi Fiyatın geçerli olmaya başladığı tarih Koha materyal türü
        MUHAMMET HAMDİ YAZIR İMAM HATİP ORTAOKULU MUHAMMET HAMDİ YAZIR İMAM HATİP ORTAOKULU 24.08.2025   10261402 26.08.2025 26.08.2025 Kitaplar
Gemini Bilgi Teknolojileri A.Ş. tarafından düzenlenmiştir.